Statistics for Countries Closest To Benin

Click here to take the quiz!

General Stats

  • This quiz has been taken 43 times
  • The average score is 9 of 10

Answer Stats

Km distance Answer % Correct
0Togo
100%
0Ghana
98%
0Nigeria
98%
886Ivory Coast
98%
1127Niger
98%
0Burkina Faso
90%
1124Cameroon
88%
1143Mali
88%
1223Equatorial Guinea
83%
1119Sao Tome and Principe
73%

Score Distribution

Percentile by Number Answered

Percent of People with Each Score

Your Score History

You have not taken this quiz